[Event "WCh Women 2020"]
[Site "Shanghai/Vladivostok CHN"]
[Date "2020.01.05"]
[Round "1"]
[White "Goryachkina,A"]
[Black "Ju Wenjun"]
[Result "1/2-1/2"]
[WhiteElo "2578"]
[BlackElo "2584"]
[EventDate "2020.01.05"]

1. d4 Nf6 2. c4 e6 3. Nf3 d5 4. Nc3 Be7 5. g3 O-O 6. Bg2 dxc4 7. Ne5 c5 8.
dxc5 Qxd1+ 9. Nxd1 Bxc5 10. O-O Nc6 11. Bxc6 bxc6 12. Be3 Bb6 13. Bxb6 axb6
14. Nxc6 Bb7 15. Nb4 Nd5 16. Nxd5 Bxd5 17. Nc3 Bc6 18. Rfd1 Rfd8 19. f3 Kf8
20. Kf2 Ke7 21. Rxd8 Rxd8 22. Ke3 e5 23. Rd1 Ra8 24. a3 Ke6 25. Na2 Ba4 26.
Rd2 f6 27. Kf2 Bc6 28. e4 g6 29. Ke3 f5 30. exf5+ gxf5 31. f4 h5 32. fxe5
Kxe5 33. Rd4 b5 34. Nc3 Ra7 35. Ne2 Be8 36. Rd8 Re7 37. Nf4 Kf6+ 38. Kd2
Re5 39. Nd5+ Kf7 40. Rd6 Bc6 41. Nf4 Bf3 42. h4 Bg4 43. Rd5 Kf6 44. Rxe5
Kxe5 45. Ke3 Bd1 46. Ng6+ Kf6 47. Nf8 Ke5 48. Nd7+ Ke6 49. Nb8 Kd5 50. Na6
Ke5 51. Nb4 Bg4 52. Nc2 Bd1 53. Nd4 Ba4 54. Ne2 Bd1 55. Nd4 Ba4 56. Nc6+
Kd6 57. Nd8 Ke5 58. Nf7+ Ke6 59. Ng5+ Ke5 60. Nh3 Bd1 61. Nf4 Bg4 62. Ng2
Bd1 63. Ne1 Bg4 64. Nc2 Bd1 65. Nb4 Ba4 66. Na2 Bb3 67. Nc3 Ba4 68. Kf3 Kd4
69. Ke2 Kc5 70. Ke3 Bc2 71. Ne2 Bd1 72. Nd4 Bg4 73. Nc2 Bd1 74. Nb4 Bg4 75.
Na2 Bd1 76. Kd2 Bf3 77. Nc3 Bc6 78. Ke3 Bd7 79. Ne2 b4 80. axb4+ Kxb4 81.
Kd2 Bc6 82. Nf4 Bf3 83. Ne6 Bg4 84. Kc2 Bf3 85. Nd4 Bg4 86. Kd2 Kc5 87. Ke3
Kd5 88. Nb5 Kc5 89. Nc3 Kb4 90. Kd4 Kb3 91. Nd5 Be2 92. Ne3 Bd3 93. Kc5 Be2
94. Kd5 Bd3 95. Kd4 Be2 96. Kc5 Bd3 97. Kd4 1/2-1/2

[Event "WCh Women 2020"]
[Site "Shanghai/Vladivostok CHN"]
[Date "2020.01.06"]
[Round "2"]
[White "Ju Wenjun"]
[Black "Goryachkina,A"]
[Result "1/2-1/2"]
[WhiteElo "2584"]
[BlackElo "2578"]
[EventDate "2020.01.05"]

1. e4 e5 2. Nf3 Nc6 3. Bb5 Nf6 4. O-O Nxe4 5. Re1 Nd6 6. Nxe5 Be7 7. Bf1
Nxe5 8. Rxe5 O-O 9. d4 Bf6 10. Re2 Nc4 11. b3 Nb6 12. c3 c6 13. Nd2 d5 14.
h3 Bf5 15. Nf3 Be4 16. Ne5 Bg5 17. f3 Bf5 18. Bxg5 Qxg5 19. Qc1 Qxc1 20.
Rxc1 f6 21. Ng4 h5 22. Ne3 Bd3 23. Ree1 Bxf1 24. Kxf1 g6 25. g4 hxg4 26.
hxg4 Kf7 27. Kf2 Rh8 28. Rh1 Rae8 29. Ng2 Nc8 30. Nf4 Nd6 31. Nd3 g5 32. a4
a5 33. Rxh8 Rxh8 34. Kg2 Re8 35. Kf2 Rh8 36. Kg2 Re8 37. Kf2 Rh8 38. Kg2
Re8 39. Kf2 Rh8 40. Kg2 Re8 1/2-1/2

[Event "WCh Women 2020"]
[Site "Shanghai/Vladivostok CHN"]
[Date "2020.01.08"]
[Round "3"]
[White "Goryachkina,A"]
[Black "Ju Wenjun"]
[Result "1/2-1/2"]
[WhiteElo "2578"]
[BlackElo "2584"]
[EventDate "2020.01.05"]

1. d4 Nf6 2. c4 e6 3. Nf3 d5 4. Nc3 c5 5. cxd5 Nxd5 6. e4 Nxc3 7. bxc3 cxd4
8. cxd4 Bb4+ 9. Bd2 Bxd2+ 10. Qxd2 O-O 11. Bc4 Nd7 12. O-O b6 13. a4 Bb7
14. Rfe1 Rc8 15. Bd3 a5 16. Qb2 Qe7 17. Nd2 Rfd8 18. Rab1 Bc6 19. Bc2 h6
20. Nf1 Qg5 21. Ne3 Ba8 22. f3 Rc7 23. Bd3 Rdc8 24. Ba6 Bb7 25. Bxb7 Rxb7
26. Qf2 Qd8 27. Red1 Nf6 28. d5 Rd7 29. Rd4 Qe7 30. Rbd1 Rcd8 31. Nc4 exd5
32. Nxb6 Rb7 33. Nxd5 Nxd5 34. exd5 Qd6 35. h3 Rdb8 36. Qe1 Rb4 37. Re4 g6
38. Kh1 h5 39. Re8+ Rxe8 40. Qxe8+ Kg7 41. Qc6 Qxc6 42. dxc6 Rc4 43. Rd5
Rxc6 44. Rxa5 Rc1+ 45. Kh2 h4 46. Rd5 Ra1 47. a5 f5 48. g4 Ra2+ 49. Kg1
fxg4 50. hxg4 Kh6 51. Rb5 g5 52. Rb6+ Kg7 53. a6 Kh7 54. Rb7+ Kg6 55. a7
Kh6 56. Kf1 Kg6 57. Ke1 h3 58. Rb2 Ra1+ 59. Kf2 h2 60. a8=Q Rxa8 61. Kg2
Rh8 62. Rb1 Ra8 63. Kxh2 Ra2+ 64. Kg3 Rc2 65. Rf1 Ra2 66. Rf2 Ra3 67. Rd2
Ra6 68. Kf2 Re6 69. Re2 Ra6 70. Ke3 Re6+ 71. Kd3 Rd6+ 72. Kc4 Kf6 73. Ra2
Ke5 74. Ra5+ Kf4 75. Rf5+ Kg3 76. Kc3 Rd8 77. Kc4 Rd7 78. Kc5 Rd3 79. Rxg5
Rxf3 80. Rg8 Kh4 81. g5 Kh5 82. g6 Kh6 83. Kd5 Rg3 84. Rh8+ Kg7 85. Rh1
1/2-1/2

[Event "WCh Women 2020"]
[Site "Shanghai/Vladivostok CHN"]
[Date "2020.01.09"]
[Round "4"]
[White "Ju Wenjun"]
[Black "Goryachkina,A"]
[Result "1-0"]
[WhiteElo "2584"]
[BlackElo "2578"]
[EventDate "2020.01.05"]

1. d4 d5 2. c4 c6 3. Nf3 Nf6 4. Nc3 dxc4 5. a4 e6 6. e3 c5 7. Bxc4 cxd4 8.
exd4 Nc6 9. O-O Be7 10. d5 exd5 11. Nxd5 Nxd5 12. Bxd5 O-O 13. Be3 Bf5 14.
Qb3 Nb4 15. Rfd1 Qa5 16. Ne5 Nxd5 17. Rxd5 Qa6 18. Nd7 Be6 19. Nxf8 Kxf8
20. Qb5 Bxd5 21. Qxd5 Rd8 22. Qe4 h6 23. g3 b6 24. Rc1 f6 25. Kg2 Rc8 26.
Rxc8+ Qxc8 27. Qd5 Ke8 28. h4 Qd7 29. Qg8+ Bf8 30. Qc4 h5 31. Kh2 Be7 32.
b3 Kf8 33. Qc2 Bd6 34. Qe4 Bc5 35. Bxc5+ bxc5 36. a5 Qe7 37. Qa8+ Kf7 38.
a6 g6 39. Qd5+ Kg7 40. Qb7 Kf8 41. Kg2 Ke8 42. Qa8+ Kf7 43. Qd5+ Kg7 44.
Kf3 Kf8 45. Qb7 Ke8 46. Qd5 Kf8 47. Kf4 Qc7+ 48. Ke3 Qc8 49. Qb7 Qd8 50.
Kf3 Qe7 51. Qxe7+ Kxe7 52. g4 Kd6 53. gxh5 gxh5 54. Ke4 Kc6 55. f4 Kb5 56.
Kd5 f5 57. Kd6 Kb6 58. Kd7 Ka5 59. Kc7 Kxa6 60. Kc6 Ka5 61. Kxc5 Ka6 62. b4
Kb7 63. Kd5 1-0

[Event "WCh Women 2020"]
[Site "Shanghai/Vladivostok CHN"]
[Date "2020.01.11"]
[Round "5"]
[White "Goryachkina,A"]
[Black "Ju Wenjun"]
[Result "1-0"]
[WhiteElo "2578"]
[BlackElo "2584"]
[EventDate "2020.01.05"]

1. c4 Nf6 2. Nc3 e6 3. e4 d5 4. cxd5 exd5 5. e5 Ne4 6. Nf3 Bf5 7. d3 Nxc3
8. bxc3 c5 9. d4 Qa5 10. Bd2 Nc6 11. c4 Qd8 12. Qb3 Be4 13. Qxb7 Rc8 14.
Bg5 Be7 15. Bxe7 Nxe7 16. Qb5+ Qd7 17. cxd5 Bxd5 18. Qxd7+ Kxd7 19. Bb5+
Ke6 20. Ng5+ Kf5 21. h4 cxd4 22. Bd7+ Kxe5 23. Bxc8 Rxc8 24. O-O Kd6 25.
Rfe1 Rc2 26. a3 h6 27. Ne4+ Bxe4 28. Rxe4 Nc6 29. h5 g6 30. Rf4 gxh5 31.
Rxf7 d3 32. Rd1 d2 33. Rf3 Ne5 34. Rf4 Nc6 35. Kf1 Ke5 36. Rf3 Na5 37. Ke2
Nc4 38. Rh3 Ra2 39. Rxh5+ Kd4 40. Rh4+ Kc5 41. Rh3 a5 42. f4 Kd5 43. Rf3
Ke6 44. g4 a4 45. Rh3 Kd5 46. f5 Ke5 47. Rc3 Nxa3 48. Rc5+ Kd6 49. f6 Nc2
50. Rc4 Na3 51. Rf4 Kd5 1-0

[Event "WCh Women 2020"]
[Site "Shanghai/Vladivostok CHN"]
[Date "2020.01.16"]
[Round "7"]
[White "Ju Wenjun"]
[Black "Goryachkina,A"]
[Result "1/2-1/2"]
[WhiteElo "2584"]
[BlackElo "2578"]
[EventDate "2020.01.05"]

1. e4 e5 2. Nf3 Nc6 3. Bb5 Nf6 4. d3 Bc5 5. Bxc6 dxc6 6. O-O Nd7 7. Be3 Qe7
8. Qe1 O-O 9. Nc3 Re8 10. a3 Bd6 11. Nd2 Nf8 12. f4 exf4 13. Bxf4 Ng6 14.
Bg3 Be6 15. Nf3 Rad8 16. Kh1 Bg4 17. h3 Bxf3 18. Rxf3 Rd7 19. Rf5 b6 20.
Ne2 c5 21. b3 Qd8 22. Qf2 Bxg3 23. Qxg3 Qh4 24. Qxh4 Nxh4 25. Rf2 Ng6 26.
Nc3 Ne5 27. g3 a5 28. a4 Nc6 29. Kg2 Nb4 30. g4 Re5 31. Nd1 h5 32. Ne3 Nc6
33. Kg3 Nd4 34. Raf1 f6 35. Nd5 Kf7 36. Ne3 Kg8 37. Nf5 hxg4 38. hxg4 Nxf5+
39. gxf5 g6 40. fxg6 Rg5+ 41. Kf4 Rxg6 42. Ke3 Rf7 43. Kd2 Kf8 44. Kc3 Ke7
45. Kc4 c6 46. Rh1 Rg8 47. Rh6 Ke6 48. Rh5 Rfg7 49. c3 Rg5 50. Rh6 R5g6 51.
Rfh2 f5 52. Rxg6+ Rxg6 53. exf5+ Kxf5 54. d4 cxd4 55. cxd4 Rg1 56. Rh6 Rc1+
57. Kd3 Rd1+ 58. Kc2 Rxd4 59. Rxc6 Rb4 60. Kc3 Ke5 61. Rc4 Rxc4+ 62. Kxc4
Kd6 63. Kb5 Kc7 64. Ka6 Kc6 65. Ka7 Kc7 66. Ka6 Kc6 67. Ka7 Kc7 1/2-1/2

[Event "WCh Women 2020"]
[Site "Shanghai/Vladivostok CHN"]
[Date "2020.01.17"]
[Round "8"]
[White "Goryachkina,A"]
[Black "Ju Wenjun"]
[Result "1-0"]
[WhiteElo "2578"]
[BlackElo "2584"]
[EventDate "2020.01.05"]

1. c4 e6 2. Nc3 d5 3. d4 Nf6 4. cxd5 exd5 5. Bg5 c6 6. e3 h6 7. Bh4 Be7 8.
Bd3 Ne4 9. Bg3 Nxg3 10. hxg3 Nd7 11. Nf3 Nf6 12. Qc2 Be6 13. O-O-O Qc7 14.
Kb1 O-O-O 15. Na4 Kb8 16. Nc5 Bxc5 17. dxc5 Bg4 18. Rc1 Bxf3 19. gxf3 d4
20. e4 g5 21. Qd2 Nd7 22. f4 f6 23. Rh5 gxf4 24. gxf4 Nf8 25. f5 Qg7 26.
Qf4+ Ka8 27. Qh2 Nd7 28. f4 Qf8 29. b4 b6 30. e5 bxc5 31. Qh1 Nb8 32. Be4
Rh7 33. Rxc5 Rb7 34. Bxc6 Nxc6 35. Qxc6 d3 36. Rb5 Rdb8 37. e6 Qd8 38. Rh1
d2 39. Rd5 Qc8 40. Qxc8 Rxb4+ 41. Ka1 Rxc8 42. Rxd2 Kb7 43. Rd7+ Kb6 44. e7
Re8 45. Re1 1-0

[Event "WCh Women 2020"]
[Site "Shanghai/Vladivostok CHN"]
[Date "2020.01.19"]
[Round "9"]
[White "Ju Wenjun"]
[Black "Goryachkina,A"]
[Result "1-0"]
[WhiteElo "2584"]
[BlackElo "2578"]
[EventDate "2020.01.05"]

1. Nf3 d5 2. b3 c5 3. e3 a6 4. Bb2 Nc6 5. d4 Nf6 6. Nbd2 cxd4 7. exd4 g6 8.
a3 Bg7 9. Bd3 Nh5 10. g3 O-O 11. Ne5 Nxe5 12. dxe5 d4 13. f4 f6 14. Qe2
fxe5 15. fxe5 Bh6 16. O-O-O Be3 17. Rhf1 Bh3 18. Rxf8+ Qxf8 19. Kb1 b5 20.
Nf1 Bg1 21. a4 bxa4 22. bxa4 Qc8 23. Bc4+ Kh8 24. e6 Nf6 25. Rxd4 Bxd4 26.
Bxd4 Qb7+ 27. Ka2 Rd8 28. Bb2 Rb8 29. Bb3 Qg2 30. Qe5 Rxb3 31. cxb3 Qc6 32.
Nd2 Bxe6 33. Ka3 Kg8 34. Nf3 Qd5 35. Qb8+ Kg7 36. Ne5 Qc5+ 37. Qb4 Qxb4+
38. Kxb4 Kf8 39. Nc4 Ne4 40. Bd4 Ke8 41. Ka5 Nd6 42. Nd2 Bc8 43. Kb6 Kd8
44. Be5 Kd7 45. Bf4 g5 46. Bxg5 e5 47. Be3 Ke6 48. Kc7 Bd7 49. Bc5 Nf5 50.
Kb6 Kd5 51. Nb1 e4 52. Nc3+ Ke5 53. Kxa6 e3 54. a5 Nd4 55. b4 Bg4 56. Kb6
e2 57. Bxd4+ Kxd4 58. Nxe2+ Bxe2 59. a6 Bf3 60. a7 h5 61. b5 Kc4 62. h3 Kd5
1-0

[Event "WCh Women 2020"]
[Site "Shanghai/Vladivostok CHN"]
[Date "2020.01.22"]
[Round "11"]
[White "Ju Wenjun"]
[Black "Goryachkina,A"]
[Result "1/2-1/2"]
[WhiteElo "2584"]
[BlackElo "2578"]
[EventDate "2020.01.05"]

1. e4 e5 2. Nf3 Nc6 3. Bb5 Nf6 4. O-O Nxe4 5. d4 Nd6 6. dxe5 Nxb5 7. a4
Nbd4 8. Nxd4 d5 9. exd6 Nxd4 10. Qxd4 Qxd6 11. Qe3+ Be6 12. Nc3 a6 13. Rd1
Qc6 14. Rd3 Bc5 15. Qg3 f6 16. Bf4 O-O 17. Bxc7 Bf5 18. Rd2 Rf7 19. Bf4 Bb4
20. Rad1 Bxc3 21. Qxc3 Qxc3 22. bxc3 Rc8 23. Rd8+ Rxd8 24. Rxd8+ Rf8 25.
Rxf8+ Kxf8 26. a5 Kf7 27. Kf1 Bxc2 28. Ke2 Ke6 29. Be3 Kd5 30. Bb6 Kc4 31.
Kd2 Be4 32. g3 Bc6 33. f4 h5 34. h4 Kd5 35. Ke3 Ke6 36. Bc7 Kf5 37. Bb6 Bd7
38. Bc7 Ba4 39. Bb6 Kg4 40. Kf2 Bc6 1/2-1/2

[Event "WCh Women 2020"]
[Site "Shanghai/Vladivostok CHN"]
[Date "2020.01.23"]
[Round "12"]
[White "Goryachkina,A"]
[Black "Ju Wenjun"]
[Result "1-0"]
[WhiteElo "2578"]
[BlackElo "2584"]
[EventDate "2020.01.05"]

1. d4 d5 2. Nc3 Nf6 3. Bf4 e6 4. Nb5 Na6 5. e3 Bb4+ 6. c3 Be7 7. a4 O-O 8.
Bd3 c6 9. Na3 c5 10. Nf3 Ne4 11. h3 f5 12. Nb5 c4 13. Bxe4 fxe4 14. Ne5 Nb8
15. O-O a6 16. Na3 Nd7 17. Nc2 Qe8 18. f3 Nxe5 19. Bxe5 Bd7 20. Ne1 Qh5 21.
Kh2 exf3 22. Nxf3 Be8 23. Qe1 Qg6 24. Bf4 Qe4 25. a5 h6 26. Nd2 Qh7 27. e4
dxe4 28. Be5 Rc8 29. Rxf8+ Bxf8 30. Qe2 e3 31. Nxc4 Bb5 32. b3 Qe4 33. Rf1
Qc6 34. Qxe3 Qe8 35. Qe2 Qg6 36. Rf3 Kh7 37. Qf2 Bc6 38. Rg3 Qf5 39. Qe2
Rd8 40. Ne3 Qf7 41. Qd3+ g6 42. Rg4 Bg7 43. Bxg7 Kxg7 44. Nc4 Bb5 45. Qg3
Bxc4 46. bxc4 Rd7 47. Re4 Qf6 48. Qe3 Rd6 49. c5 Rc6 50. Kg1 Qf5 51. Rf4
Qg5 52. h4 Qe7 53. Qe5+ Kg8 54. Rf6 Kh7 55. h5 gxh5 56. Qf4 e5 57. Qxh6+
Kg8 58. Qg6+ Kh8 59. Qxh5+ Kg8 60. Qg5+ 1-0